Normal view
MARC view
Entry Personal Name
001 - CONTROL NUMBER
- control field: 63276
003 - CONTROL NUMBER IDENTIFIER
- control field: dpl
005 - DATE AND TIME OF LATEST TRANSACTION
- control field: 20240313144229.0
008 - FIXED-LENGTH DATA ELEMENTS
- fixed length control field: 240313|| aca||aabn | a|a d
040 ## - CATALOGING SOURCE
- Original cataloging agency: dpl
- Transcribing agency: dpl
100 ## - HEADING--PERSONAL NAME
- Personal name: पॉवार, एस.के
670 ## - SOURCE DATA FOUND
- Source citation: Work cat.: (dpl)201048: पॉवार, एस.के., बच्चो को सफल बिजनेसमैन बनाने में अध्यापको का योगदान /, 2023
